[Event "Mindsports Open 5th"]
[Site "London"]
[Date "2025.08.13"]
[Round "1.42"]
[White "Dignam, Matthew"]
[Black "Aleksenko, Maksim"]
[Result "1-0"]
[WhiteElo "2164"]
[BlackElo "1893"]
[PlyCount "85"]
[EventDate "2025.08.13"]
[EventType "swiss"]
[EventRounds "9"]
[EventCountry "ENG"]
[SourceTitle "BritBase"]
[Source "John Saunders"]
[SourceDate "2025.08.18"]
[SourceVersion "1"]
[SourceVersionDate "2025.08.18"]
[SourceQuality "1"]

1. Nf3 d5 2. b3 Nf6 3. Bb2 c5 4. e3 Bg4 5. h3 Bxf3 6. Qxf3 Nbd7 7. g4 h6 8. h4 e5 9. Bh3 g5 10. hxg5 hxg5 11. Qf5 Qe7 12. c4 d4 13. d3 e4 14. Bg2 Rxh1+ 15. Bxh1 exd3 16. Bxb7 dxe3 17. Qxd3 exf2+ 18. Kxf2 Nxg4+ 19. Kf1 Nde5 20. Bxe5 Nxe5 21. Qe4 Qf6+ 22. Kg2 Rd8 23. Bd5 Bd6 24. Nc3 Kd7 25. Rf1 Qg7 26. Nb5 Rh8 27. Qf5+ Ke7 28. Re1 Bb8 29. Nxa7 f6 30. Nc6+ Kd6 31. Nxb8 Rxb8 32. Qe6+ Kc7 33. Rxe5 Rb6 34. Qe7+ Qxe7 35. Rxe7+ Kd8 36. Re6 Rxe6 37. Bxe6 Ke7 38. Bd5 f5 39. a4 Kd6 40. Kf3 Ke5 41. a5 g4+ 42. Kg3 Kd6 43. a6 1-0

[Event "Mindsports Open 5th"]
[Site "London"]
[Date "2025.08.13"]
[Round "1.43"]
[White "Oupindrin, Narayanin"]
[Black "Roe, Simon J"]
[Result "0-1"]
[WhiteElo "1875"]
[BlackElo "2160"]
[PlyCount "98"]
[EventDate "2025.08.13"]
[EventType "swiss"]
[EventRounds "9"]
[EventCountry "ENG"]
[SourceTitle "BritBase"]
[Source "John Saunders"]
[SourceDate "2025.08.18"]
[SourceVersion "1"]
[SourceVersionDate "2025.08.18"]
[SourceQuality "1"]

1. e4 e5 2. Nf3 d6 3. d4 exd4 4. Nxd4 Nf6 5. Nc3 Be7 6. Be2 O-O 7. O-O Re8 8. f4 c5 9. Nf3 Nc6 10. a3 Bf8 11. Bd3 Bg4 12. h3 Bxf3 13. Qxf3 Nd4 14. Qf2 a6 15. Be3 Rc8 16. Kh1 Nc6 17. Rad1 Qe7 18. Rfe1 b5 19. Nd5 Qd8 20. Nxf6+ Qxf6 21. c3 Na5 22. a4 Rb8 23. axb5 axb5 24. Qc2 c4 25. Be2 Nb3 26. Bf3 g6 27. Rd5 Qh4 28. Qf2 Qf6 29. f5 b4 30. cxb4 Rxb4 31. fxg6 hxg6 32. Bg5 Qh8 33. Bd1 Nc5 34. Rf1 Rb7 35. e5 Ne4 36. Qf4 Nxg5 37. Qxg5 dxe5 38. Be2 Rc7 39. Rd8 Rxd8 40. Qxd8 Rc5 41. Qd7 Qg7 42. Rc1 e4 43. b4 Rf5 44. Bxc4 Qe5 45. Rd1 Qg3 46. Rf1 Rxf1+ 47. Bxf1 Bd6 48. Qc8+ Kh7 49. Kg1 e3 0-1

[Event "Mindsports Open 5th"]
[Site "London"]
[Date "2025.08.13"]
[Round "1.44"]
[White "Dasgupta, Avyukt"]
[Black "Udovenko, Daniel"]
[Result "1/2-1/2"]
[WhiteElo "2158"]
[BlackElo "1870"]
[PlyCount "167"]
[EventDate "2025.08.13"]
[EventType "swiss"]
[EventRounds "9"]
[EventCountry "ENG"]
[SourceTitle "BritBase"]
[Source "John Saunders"]
[SourceDate "2025.08.18"]
[SourceVersion "1"]
[SourceVersionDate "2025.08.18"]
[SourceQuality "1"]

1. d4 Nf6 2. Bg5 d5 3. e3 c5 4. c3 e6 5. Nd2 Nbd7 6. Ngf3 Be7 7. Bd3 h6 8. Bf4 a6 9. Ne5 Nb8 10. Ndf3 Nc6 11. a3 Nd7 12. O-O Ndxe5 13. Nxe5 cxd4 14. exd4 Bg5 15. Qh5 Nxe5 16. Bxe5 Bf6 17. f4 Qe7 18. Rae1 Bd7 19. Bc7 g6 20. Qe2 Bb5 21. Bxb5+ axb5 22. Qxb5+ Qd7 23. Qb6 Qc6 24. Qxc6+ bxc6 25. Be5 Ke7 26. Ra1 Bxe5 27. fxe5 Rhb8 28. b4 Ra4 29. Rfb1 Rba8 30. Rb3 Kd7 31. Kf2 Kc7 32. Ke3 Kb6 33. Kd3 Kb5 34. g4 R4a7 35. h4 Rh8 36. Rb2 h5 37. g5 Rha8 38. Rf2 Rb7 39. Kc2 Ra4 40. Kb3 Rba7 41. Rc2 Ra8 42. c4+ dxc4+ 43. Kb2 Rd8 44. Rd2 Rda8 45. Rf2 R8a7 46. Rf3 Rd7 47. Rd1 Raa7 48. Rc3 Ra8 49. Rcc1 Rad8 50. Kc3 Ra8 51. Ra1 Rda7 52. Kb2 Rd7 53. Rd2 Rda7 54. Rf2 Rd7 55. Kc3 Ra4 56. Rfa2 Rda7 57. Kb2 Rd7 58. Rd1 Rda7 59. Rc1 Rd7 60. Kc3 Rda7 61. Rca1 Rd7 62. Rc2 Rda7 63. Kb2 Rd7 64. Rd1 Ra8 65. Rf2 Raa7 66. Rf4 Rd5 67. Rf3 Rdd7 68. Rf4 Ra4 69. Rdf1 Raa7 70. R1f3 Rdb7 71. Rc3 Rd7 72. Kc2 Rd8 73. Kd2 Rda8 74. Rff3 Rd8 75. Ke3 Rda8 76. Ke4 Rd8 77. Rf2 Rad7 78. Rd2 Rd5 79. Rf3 R5d7 80. Rd1 Ra8 81. Rc1 Rad8 82. Rd1 Ra8 83. Rdf1 Rad8 84. Rd1 1/2-1/2

[Event "Mindsports Open 5th"]
[Site "London"]
[Date "2025.08.13"]
[Round "1.45"]
[White "Oleszczuk, Artur"]
[Black "Willmoth, Robert F"]
[Result "1-0"]
[WhiteElo "1868"]
[BlackElo "2150"]
[PlyCount "57"]
[EventDate "2025.08.13"]
[EventType "swiss"]
[EventRounds "9"]
[EventCountry "ENG"]
[SourceTitle "BritBase"]
[Source "John Saunders"]
[SourceDate "2025.08.18"]
[SourceVersion "1"]
[SourceVersionDate "2025.08.18"]
[SourceQuality "1"]

1. e4 g6 2. d4 Bg7 3. Nc3 c6 4. h4 h5 5. Be2 d5 6. Nf3 dxe4 7. Nxe4 Bg4 8. c3 Nd7 9. Qb3 Qb6 10. Nfg5 Qxb3 11. axb3 Bxe2 12. Kxe2 Ngf6 13. Re1 O-O 14. Kd3 Rfe8 15. f3 a6 16. Kc2 Nd5 17. Bd2 Bf8 18. Re2 e6 19. Rae1 N5f6 20. Bf4 Nxe4 21. Nxe4 Ra7 22. g4 hxg4 23. fxg4 Be7 24. h5 gxh5 25. gxh5 Kh7 26. Rg2 f5 27. Nd2 Bh4 28. Reg1 Bf6 29. Rg6 1-0

[Event "Mindsports Open 5th"]
[Site "London"]
[Date "2025.08.13"]
[Round "1.47"]
[White "Ding, Yiwen"]
[Black "Hng, Mei-En Emmanuelle"]
[Result "0-1"]
[WhiteElo "1844"]
[BlackElo "2132"]
[PlyCount "62"]
[EventDate "2025.08.13"]
[EventType "swiss"]
[EventRounds "9"]
[EventCountry "ENG"]
[SourceTitle "BritBase"]
[Source "John Saunders"]
[SourceDate "2025.08.18"]
[SourceVersion "1"]
[SourceVersionDate "2025.08.18"]
[SourceQuality "1"]

1. d4 Nf6 2. c4 c5 3. Nf3 cxd4 4. Nxd4 Qb6 5. Nc3 e5 6. Nc2 Bc5 7. e3 d6 8. Be2 O-O 9. O-O Nc6 10. b3 Bf5 11. Bd3 Be6 12. Bb2 Rad8 13. h3 Qc7 14. Qe2 Qe7 15. Rfd1 Bc8 16. Qf3 Rde8 17. Ne4 Nxe4 18. Bxe4 f5 19. Bxc6 bxc6 20. b4 Bb6 21. Qxc6 Bb7 22. Qxd6 Qg5 23. Ne1 f4 24. exf4 exf4 25. Rd5 Bxd5 26. Qxd5+ Qxd5 27. cxd5 Re2 28. Nd3 Rd2 29. Bxg7 Kxg7 30. Nc5 Bxc5 31. bxc5 Rxd5 0-1

[Event "Mindsports Open 5th"]
[Site "London"]
[Date "2025.08.13"]
[Round "1.48"]
[White "Harper, Ryan"]
[Black "Choong, Han-Sen"]
[Result "1-0"]
[WhiteElo "2131"]
[BlackElo "1836"]
[PlyCount "69"]
[EventDate "2025.08.13"]
[EventType "swiss"]
[EventRounds "9"]
[EventCountry "ENG"]
[SourceTitle "BritBase"]
[Source "John Saunders"]
[SourceDate "2025.08.18"]
[SourceVersion "1"]
[SourceVersionDate "2025.08.18"]
[SourceQuality "1"]

1. e4 c5 2. Nf3 d6 3. d4 cxd4 4. Nxd4 Nf6 5. Nc3 a6 6. g3 g6 7. h3 Bg7 8. Bg2 Bd7 9. Be3 Nc6 10. Nd5 Nxd5 11. exd5 Ne5 12. b3 Bc8 13. c4 O-O 14. O-O Nd7 15. Qd2 a5 16. Rab1 Nc5 17. Rfe1 e5 18. dxe6 fxe6 19. Nb5 Rf5 20. Qxd6 Bd7 21. Rbd1 Bf8 22. Qd2 Qb8 23. Nd6 Re5 24. Nxb7 Ra7 25. Nxc5 Rxc5 26. Bxc5 Bxc5 27. Qf4 Qe8 28. Qe5 Qf8 29. Re2 Bc8 30. Kh2 Rf7 31. f4 h6 32. Be4 Kh7 33. Red2 Bb6 34. Qd6 Bc7 35. Qxf8 1-0

[Event "Mindsports Open 5th"]
[Site "London"]
[Date "2025.08.13"]
[Round "1.49"]
[White "Ganguly, Aryaman"]
[Black "Hoffman, Luc"]
[Result "0-1"]
[WhiteElo "1824"]
[BlackElo "2123"]
[PlyCount "52"]
[EventDate "2025.08.13"]
[EventType "swiss"]
[EventRounds "9"]
[EventCountry "ENG"]
[SourceTitle "BritBase"]
[Source "John Saunders"]
[SourceDate "2025.08.18"]
[SourceVersion "1"]
[SourceVersionDate "2025.08.18"]
[SourceQuality "1"]

1. e4 e6 2. d4 d5 3. e5 c5 4. c3 Nc6 5. Nf3 Qb6 6. a3 Nh6 7. b4 cxd4 8. cxd4 Nf5 9. Bb2 Bd7 10. Be2 Be7 11. O-O h5 12. Qd2 g5 13. Rd1 g4 14. Ne1 Rg8 15. Nc2 Rc8 16. Ne3 Bg5 17. Qd3 Nce7 18. Nc3 Nxe3 19. fxe3 Nf5 20. Bc1 Qc6 21. Na2 a6 22. Bd2 Qc2 23. Kf2 Bb5 24. Qxc2 Rxc2 25. Bxb5+ axb5 26. Rac1 Rxa2 0-1

[Event "Mindsports Open 5th"]
[Site "London"]
[Date "2025.08.13"]
[Round "1.50"]
[White "Kolani, Arjun"]
[Black "White, Chris"]
[Result "0-1"]
[WhiteElo "2118"]
[BlackElo "1817"]
[PlyCount "78"]
[EventDate "2025.08.13"]
[EventType "swiss"]
[EventRounds "9"]
[EventCountry "ENG"]
[SourceTitle "BritBase"]
[Source "John Saunders"]
[SourceDate "2025.08.18"]
[SourceVersion "1"]
[SourceVersionDate "2025.08.18"]
[SourceQuality "1"]

1. e4 e6 2. d4 c5 3. Nf3 cxd4 4. Nxd4 Nf6 5. Nc3 Bb4 6. e5 Nd5 7. Bd2 Nxc3 8. bxc3 Bf8 9. Bd3 Na6 10. O-O Nc5 11. Qg4 h5 12. Qf3 Rb8 13. Nb5 b6 14. Qg3 h4 15. Nd6+ Bxd6 16. Qxg7 Bxe5 17. Qxe5 Rg8 18. Bh7 d6 19. Qh5 Rh8 20. Bg5 Rxh7 21. Qxh7 Qxg5 22. f4 Qg4 23. h3 Qg6 24. Qxh4 Bb7 25. Rf2 Kd7 26. f5 exf5 27. Qf4 Be4 28. a4 Rg8 29. Qd2 Qg3 30. Rd1 Rg6 31. a5 bxa5 32. Qe2 a4 33. Qb5+ Ke7 34. Rdd2 Qxc3 35. Qb8 Qa5 36. c4 Qb6 37. Qh8 Nd3 38. c5 Qxc5 39. Rc2 Rxg2+ 0-1

[Event "Mindsports Open 5th"]
[Site "London"]
[Date "2025.08.13"]
[Round "1.51"]
[White "Steenfatt, Niklas"]
[Black "Adams, Henry"]
[Result "0-1"]
[WhiteElo "1810"]
[BlackElo "2114"]
[PlyCount "48"]
[EventDate "2025.08.13"]
[EventType "swiss"]
[EventRounds "9"]
[EventCountry "ENG"]
[SourceTitle "BritBase"]
[Source "John Saunders"]
[SourceDate "2025.08.18"]
[SourceVersion "1"]
[SourceVersionDate "2025.08.18"]
[SourceQuality "1"]

1. e4 e5 2. Nf3 Nc6 3. Nc3 Nf6 4. d4 exd4 5. Nxd4 Bb4 6. Nxc6 bxc6 7. Bd3 O-O 8. O-O d5 9. exd5 cxd5 10. Bg5 c6 11. Na4 Bd6 12. c3 Re8 13. h3 h6 14. Bh4 c5 15. Bb5 Re6 16. Qf3 Rb8 17. Bc6 g5 18. Bg3 Bxg3 19. Qxg3 Ba6 20. Bxd5 Nxd5 21. Nxc5 Nf4 22. Nxe6 Ne2+ 23. Kh2 Nxg3 24. Nxd8 Nxf1+ 0-1

[Event "Mindsports Open 5th"]
[Site "London"]
[Date "2025.08.13"]
[Round "1.52"]
[White "Lilliehook, Victor"]
[Black "Ding, Yicheng"]
[Result "1-0"]
[WhiteElo "2106"]
[BlackElo "1793"]
[PlyCount "75"]
[EventDate "2025.08.13"]
[EventType "swiss"]
[EventRounds "9"]
[EventCountry "ENG"]
[SourceTitle "BritBase"]
[Source "John Saunders"]
[SourceDate "2025.08.18"]
[SourceVersion "1"]
[SourceVersionDate "2025.08.18"]
[SourceQuality "1"]

1. e4 c6 2. d4 d5 3. f3 dxe4 4. fxe4 e5 5. Nf3 exd4 6. Bc4 Be6 7. Bxe6 fxe6 8. O-O Be7 9. Nxd4 Qd6 10. Bf4 Qd7 11. Bxb8 Rxb8 12. Qh5+ Kd8 13. Rd1 Kc8 14. Nb3 g6 15. Qf3 Qe8 16. Qh3 Bf6 17. Nc5 b6 18. Nxe6 Kb7 19. Rd7+ Qxd7 20. Nc5+ bxc5 21. Qxd7+ Kb6 22. Na3 Bd4+ 23. Kh1 Nf6 24. Nc4+ Kb5 25. Qe6 Rhe8 26. Nd6+ Kb6 27. Nxe8 Rxe8 28. Qb3+ Kc7 29. Qf7+ Kb6 30. c3 Be5 31. Rf1 Rd8 32. Qe6 Re8 33. Qb3+ Ka6 34. g3 Re7 35. a4 g5 36. Qc4+ Kb7 37. Qxc5 Re8 38. Qc4 1-0

[Event "Mindsports Open 5th"]
[Site "London"]
[Date "2025.08.14"]
[Round "2.1"]
[White "Urkedal, Frode Olav Olsen"]
[Black "Antolak, Julia"]
[Result "1-0"]
[WhiteElo "2558"]
[BlackElo "2280"]
[PlyCount "73"]
[EventDate "2025.08.13"]
[EventType "swiss"]
[EventRounds "9"]
[EventCountry "ENG"]
[SourceTitle "BritBase"]
[Source "John Saunders"]
[SourceDate "2025.08.18"]
[SourceVersion "1"]
[SourceVersionDate "2025.08.18"]
[SourceQuality "1"]

1. d4 Nf6 2. c4 e6 3. Nf3 b6 4. g3 Bb7 5. Bg2 Bb4+ 6. Bd2 c5 7. Bxb4 cxb4 8. O-O O-O 9. Nbd2 d6 10. Re1 Qc7 11. Qb3 a5 12. Rac1 Re8 13. Nh4 Bxg2 14. Nxg2 Nc6 15. d5 Nb8 16. dxe6 fxe6 17. Nf3 Nbd7 18. Red1 Nc5 19. Qc2 Rad8 20. Nf4 Qe7 21. Nd4 Rd7 22. Nb5 Rf8 23. Ng2 Ne8 24. Rd4 Qf6 25. Rf4 Qe7 26. Rd1 Rxf4 27. Nxf4 Nf6 28. Qc1 d5 29. cxd5 exd5 30. Nd4 Qe4 31. Nf3 Qc4 32. Nxd5 Qxe2 33. Nxf6+ gxf6 34. Rxd7 Nxd7 35. Nd4 Qe4 36. Qc4+ Kf8 37. Ne6+ 1-0

[Event "Mindsports Open 5th"]
[Site "London"]
[Date "2025.08.14"]
[Round "2.2"]
[White "Bracker, Frank"]
[Black "Janik, Igor"]
[Result "0-1"]
[WhiteElo "2301"]
[BlackElo "2519"]
[PlyCount "116"]
[EventDate "2025.08.13"]
[EventType "swiss"]
[EventRounds "9"]
[EventCountry "ENG"]
[SourceTitle "BritBase"]
[Source "John Saunders"]
[SourceDate "2025.08.18"]
[SourceVersion "1"]
[SourceVersionDate "2025.08.18"]
[SourceQuality "1"]

1. e4 c6 2. d4 d5 3. e5 Bf5 4. c4 e6 5. Nc3 Ne7 6. Nf3 h6 7. h3 dxc4 8. Bxc4 Nd7 9. O-O Nb6 10. Bd3 Bxd3 11. Qxd3 Ned5 12. Ne4 Be7 13. Bd2 a5 14. a3 Nd7 15. Rae1 a4 16. Kh1 Qb6 17. Qb1 Qb3 18. Be3 Qb5 19. Rg1 N7b6 20. Nfd2 Nc4 21. Nxc4 Qxc4 22. Rc1 Qb5 23. Rgd1 Ra6 24. Qc2 Rb6 25. Rb1 Qb3 26. Qe2 Nxe3 27. fxe3 O-O 28. Rd3 Qc4 29. Qd1 Rd8 30. Rc1 Qa6 31. Rc2 Rb5 32. Rdd2 Rbd5 33. Qf3 Rf8 34. Rf2 Qd3 35. Rcd2 Qb3 36. Qf4 c5 37. Rf3 cxd4 38. exd4 Qc4 39. Rg3 Kh8 40. Nf6 Bxf6 41. exf6 g5 42. Qf2 Rf5 43. Rf3 Qc1+ 44. Kh2 Rxf3 45. gxf3 Rd8 46. Kg2 Qc7 47. Rc2 Qf4 48. Rc4 b5 49. Rb4 Rd5 50. Qc2 Qxf6 51. b3 axb3 52. Qxb3 Qf5 53. a4 bxa4 54. Qxa4 Rd8 55. Rb7 Kg8 56. Qa7 Qf4 57. Rd7 Rc8 58. Qa2 Qc1 0-1

[Event "Mindsports Open 5th"]
[Site "London"]
[Date "2025.08.14"]
[Round "2.3"]
[White "Badacsonyi, Frankie"]
[Black "Clarke, Brandon G I"]
[Result "0-1"]
[WhiteElo "2193"]
[BlackElo "2491"]
[PlyCount "76"]
[EventDate "2025.08.13"]
[EventType "swiss"]
[EventRounds "9"]
[EventCountry "ENG"]
[SourceTitle "BritBase"]
[Source "John Saunders"]
[SourceDate "2025.08.18"]
[SourceVersion "1"]
[SourceVersionDate "2025.08.18"]
[SourceQuality "1"]

1. d4 Nf6 2. c4 g6 3. Nc3 Bg7 4. e4 d6 5. Nf3 O-O 6. Be2 c5 7. d5 e6 8. h3 exd5 9. exd5 Bf5 10. g4 Be4 11. O-O Bxf3 12. Bxf3 Nbd7 13. Bf4 Ne8 14. Be2 f5 15. g5 h6 16. h4 Be5 17. Qd2 Bxf4 18. Qxf4 hxg5 19. Qxg5 Qxg5+ 20. hxg5 f4 21. f3 Ng7 22. Kf2 Kf7 23. Rh1 Rh8 24. b3 Nf5 25. Ne4 Ne5 26. Rag1 Ke7 27. Rb1 b6 28. Rbg1 a6 29. Rb1 b5 30. Rbc1 Rab8 31. b4 bxc4 32. bxc5 dxc5 33. Rxh8 Rxh8 34. Kg1 Nd4 35. d6+ Kd7 36. Bd1 Rb8 37. Ba4+ Ke6 38. d7 Ne2+ 0-1

[Event "Mindsports Open 5th"]
[Site "London"]
[Date "2025.08.14"]
[Round "2.4"]
[White "Gasanov, Eldar"]
[Black "Zheng, Harry Z"]
[Result "1/2-1/2"]
[WhiteElo "2471"]
[BlackElo "2190"]
[PlyCount "96"]
[EventDate "2025.08.13"]
[EventType "swiss"]
[EventRounds "9"]
[EventCountry "ENG"]
[SourceTitle "BritBase"]
[Source "John Saunders"]
[SourceDate "2025.08.18"]
[SourceVersion "1"]
[SourceVersionDate "2025.08.18"]
[SourceQuality "1"]

1. d4 Nf6 2. c4 e6 3. Nc3 Bb4 4. Qc2 O-O 5. Nf3 c5 6. dxc5 Na6 7. g3 Nxc5 8. Bg2 Nce4 9. O-O Nxc3 10. bxc3 Be7 11. e4 d6 12. e5 dxe5 13. Nxe5 Qc7 14. Qe2 Nd7 15. Bf4 Nxe5 16. Bxe5 Bd6 17. Bxd6 Qxd6 18. Rab1 Rb8 19. Rfd1 Qc7 20. Qe3 b6 21. c5 Bd7 22. cxb6 axb6 23. Qd4 Bc6 24. Qc4 Rbc8 25. Qb4 Bxg2 26. Kxg2 Ra8 27. Qxb6 Qxc3 28. Rb2 h5 29. h4 g6 30. Rdd2 Ra3 31. Qb7 Qa5 32. Qe7 Qa8+ 33. Kh2 Rc3 34. Rbc2 Rxc2 35. Rxc2 Qe4 36. Rd2 Kg7 37. Rd8 Rxd8 38. Qxd8 e5 39. Qd1 f5 40. a4 f4 41. a5 fxg3+ 42. fxg3 Qc4 43. Qd7+ Kh6 44. Qd2+ Kh7 45. Kg2 e4 46. Qd7+ Kh6 47. Qd2+ Kh7 48. Qd7+ Kh6 1/2-1/2

[Event "Mindsports Open 5th"]
[Site "London"]
[Date "2025.08.14"]
[Round "2.5"]
[White "Levin, Guy"]
[Black "Dignam, Matthew"]
[Result "1-0"]
[WhiteElo "2464"]
[BlackElo "2164"]
[PlyCount "61"]
[EventDate "2025.08.13"]
[EventType "swiss"]
[EventRounds "9"]
[EventCountry "ENG"]
[SourceTitle "BritBase"]
[Source "John Saunders"]
[SourceDate "2025.08.18"]
[SourceVersion "1"]
[SourceVersionDate "2025.08.18"]
[SourceQuality "1"]

1. d4 d6 2. c4 e5 3. Nc3 exd4 4. Qxd4 Nc6 5. Qd2 Nf6 6. b3 a5 7. e4 a4 8. Rb1 axb3 9. axb3 g6 10. Bb2 Bg7 11. Bd3 O-O 12. Nge2 Nb4 13. O-O c6 14. Rbd1 Nxd3 15. Qxd3 Re8 16. Ng3 Ng4 17. Na4 Qh4 18. h3 Bxb2 19. Nxb2 Ne5 20. Qc3 Ra2 21. Nd3 Qf6 22. Nc1 Ra8 23. c5 dxc5 24. f4 Nd7 25. e5 Qh4 26. Ne4 Re7 27. Nd3 b6 28. Ndf2 Qxf4 29. Ng4 Qxe4 30. Rxd7 Kf8 31. Rd8+ 1-0

[Event "Mindsports Open 5th"]
[Site "London"]
[Date "2025.08.14"]
[Round "2.6"]
[White "Willow, Jonah B"]
[Black "Merriman, James"]
[Result "1/2-1/2"]
[WhiteElo "2459"]
[BlackElo "2140"]
[PlyCount "64"]
[EventDate "2025.08.13"]
[EventType "swiss"]
[EventRounds "9"]
[EventCountry "ENG"]
[SourceTitle "BritBase"]
[Source "John Saunders"]
[SourceDate "2025.08.18"]
[SourceVersion "1"]
[SourceVersionDate "2025.08.18"]
[SourceQuality "1"]

1. e4 e6 2. d4 d5 3. e5 c5 4. c3 Qb6 5. Nf3 Nc6 6. a3 Nh6 7. Bd3 Bd7 8. O-O cxd4 9. b4 dxc3 10. Nxc3 Rc8 11. Bb2 Nd4 12. Rc1 Be7 13. Nxd4 Qxd4 14. Qe2 Qg4 15. f3 Qd4+ 16. Kh1 Qb6 17. Nb5 a6 18. Rxc8+ Bxc8 19. Qc2 Qc6 20. Qxc6+ bxc6 21. Nc7+ Kd7 22. Nxa6 Nf5 23. Rc1 Bxa6 24. Bxa6 Bg5 25. Rc2 Rb8 26. Bd3 Ne3 27. Re2 c5 28. h4 Bh6 29. bxc5 Rb3 30. Ba6 Nc4 31. Bd4 Nxa3 32. Kh2 Kc6 1/2-1/2

[Event "Mindsports Open 5th"]
[Site "London"]
[Date "2025.08.14"]
[Round "2.7"]
[White "Kovalskyi, Roman"]
[Black "Storme, Isak"]
[Result "1/2-1/2"]
[WhiteElo "2180"]
[BlackElo "2452"]
[PlyCount "139"]
[EventDate "2025.08.13"]
[EventType "swiss"]
[EventRounds "9"]
[EventCountry "ENG"]
[SourceTitle "BritBase"]
[Source "John Saunders"]
[SourceDate "2025.08.18"]
[SourceVersion "1"]
[SourceVersionDate "2025.08.18"]
[SourceQuality "1"]

1. e4 e5 2. Nf3 Nc6 3. Bc4 Bc5 4. c3 Nf6 5. d3 d6 6. O-O O-O 7. Re1 a5 8. a4 h6 9. Nbd2 Ba7 10. Nf1 Be6 11. Bxe6 fxe6 12. Qb3 Qd7 13. Be3 Nh5 14. Bxa7 Rxa7 15. Re3 Raa8 16. N1d2 Rf7 17. Qb5 Raf8 18. d4 exd4 19. cxd4 Nf4 20. g3 Nh3+ 21. Kg2 Ng5 22. Raa3 e5 23. dxe5 Qh3+ 24. Kg1 Nxf3+ 25. Rxf3 Nd4 26. Qc4 Nxf3+ 27. Rxf3 dxe5 28. Rf5 g6 29. Rxe5 Qd7 30. Rd5 Qe6 31. f4 Kh7 32. Rxa5 Qb6+ 33. Rc5 Qxb2 34. Rxc7 Qb6+ 35. Rc5 Rc7 36. Nb3 Rfc8 37. a5 Qd6 38. e5 Qe7 39. Rxc7 Rxc7 40. Qd4 Rd7 41. Qc4 Rc7 42. Qd4 h5 43. Qd6 Qxd6 44. exd6 Rd7 45. Nc5 Rxd6 46. Nxb7 Ra6 47. h3 Ra7 48. Nd6 Rxa5 49. Kg2 Ra2+ 50. Kf3 Ra3+ 51. Kg2 Kg7 52. Ne4 Kf7 53. g4 h4 54. Ng5+ Kf6 55. Nf3 Ra2+ 56. Kg1 Ra4 57. Nxh4 Rxf4 58. Kg2 Ra4 59. Nf3 Ke6 60. Kg3 Kd5 61. h4 Ke4 62. Ng5+ Ke3 63. h5 gxh5 64. gxh5 Ra5 65. Kg4 Ra4+ 66. Kf5 Ra5+ 67. Kg4 Ra4+ 68. Kf5 Rh4 69. Kg6 Rxh5 70. Kxh5 1/2-1/2

[Event "Mindsports Open 5th"]
[Site "London"]
[Date "2025.08.14"]
[Round "2.8"]
[White "Carroll, Peter"]
[Black "Feuerstack, Aljoscha"]
[Result "1/2-1/2"]
[WhiteElo "2167"]
[BlackElo "2449"]
[PlyCount "73"]
[EventDate "2025.08.13"]
[EventType "swiss"]
[EventRounds "9"]
[EventCountry "ENG"]
[SourceTitle "BritBase"]
[Source "John Saunders"]
[SourceDate "2025.08.18"]
[SourceVersion "1"]
[SourceVersionDate "2025.08.18"]
[SourceQuality "1"]

1. e4 c6 2. d4 d5 3. e5 Bf5 4. h4 h5 5. Bd3 Bxd3 6. Qxd3 Qa5+ 7. Nd2 e6 8. Ngf3 Nh6 9. O-O Nf5 10. Nb3 Qa6 11. Qd1 b6 12. Bg5 c5 13. dxc5 Bxc5 14. Nxc5 bxc5 15. c3 Nc6 16. Re1 Rb8 17. b3 Rb7 18. Qc2 Rd7 19. Nd2 Qb7 20. Nf1 Nce7 21. Ne3 Nxe3 22. Rxe3 d4 23. Rf3 Ng6 24. Re1 Rd5 25. Rg3 dxc3 26. Rxc3 O-O 27. Rxc5 Qb4 28. Rc1 Rxe5 29. Rxe5 Nxe5 30. Qc5 Qxc5 31. Rxc5 f6 32. Be3 Ng4 33. Ra5 Rd8 34. Kf1 Nxe3+ 35. fxe3 Rd7 36. Ke2 e5 37. Ra6 1/2-1/2

[Event "Mindsports Open 5th"]
[Site "London"]
[Date "2025.08.14"]
[Round "2.9"]
[White "Roe, Simon J"]
[Black "Czopor, Maciej"]
[Result "0-1"]
[WhiteElo "2160"]
[BlackElo "2434"]
[PlyCount "84"]
[EventDate "2025.08.13"]
[EventType "swiss"]
[EventRounds "9"]
[EventCountry "ENG"]
[SourceTitle "BritBase"]
[Source "John Saunders"]
[SourceDate "2025.08.18"]
[SourceVersion "1"]
[SourceVersionDate "2025.08.18"]
[SourceQuality "1"]

1. c4 g6 2. Nf3 Bg7 3. d4 Nf6 4. g3 c5 5. Bg2 cxd4 6. Nxd4 Nc6 7. Nc3 O-O 8. O-O Qa5 9. Nb3 Qh5 10. Nd5 d6 11. Nf4 Qf5 12. Bd2 Qd7 13. Bc3 e6 14. a4 Qe7 15. a5 a6 16. e3 Bd7 17. Qe2 Rac8 18. Rfd1 Rfd8 19. Nd2 Be8 20. Nf3 h6 21. Rac1 Qc7 22. b4 e5 23. Nd5 Nxd5 24. cxd5 Ne7 25. Qb2 Qd7 26. e4 f5 27. Bh3 Bf7 28. Qd2 Rc4 29. exf5 gxf5 30. Nh4 Rxh4 31. gxh4 Nxd5 32. Qc2 Be6 33. Rxd5 Bxd5 34. Bxf5 Qf7 35. Be4 Rc8 36. Qd3 Bxe4 37. Qxe4 Rc4 38. Qg2 Qc7 39. Qd5+ Kh8 40. Qd2 Rg4+ 41. Kf1 Qc4+ 42. Qe2 Rg1+ 0-1

[Event "Mindsports Open 5th"]
[Site "London"]
[Date "2025.08.14"]
[Round "2.10"]
[White "Hng, Mei-En Emmanuelle"]
[Black "Vandenbussche, Thibaut"]
[Result "0-1"]
[WhiteElo "2132"]
[BlackElo "2402"]
[PlyCount "68"]
[EventDate "2025.08.13"]
[EventType "swiss"]
[EventRounds "9"]
[EventCountry "ENG"]
[SourceTitle "BritBase"]
[Source "John Saunders"]
[SourceDate "2025.08.18"]
[SourceVersion "1"]
[SourceVersionDate "2025.08.18"]
[SourceQuality "1"]

1. e4 e5 2. Nf3 d6 3. Bc4 Nf6 4. Ng5 d5 5. exd5 h6 6. Nf3 e4 7. Qe2 Be7 8. Ne5 O-O 9. O-O Bd6 10. d4 exd3 11. cxd3 Re8 12. d4 Ng4 13. Qf3 Nxe5 14. dxe5 Bxe5 15. Bb3 Nd7 16. Nc3 Qh4 17. g3 Qf6 18. Qg2 Nc5 19. Be3 Nxb3 20. axb3 Bg4 21. Rfc1 Bf3 22. Qh3 Bxc3 23. Rxc3 Bxd5 24. Qg4 Re4 25. Qh5 Re5 26. Qg4 Rae8 27. Rf1 h5 28. Qf4 Qe6 29. Qh4 Qf5 30. Bf4 Re1 31. f3 Rxf1+ 32. Kxf1 Bxb3 33. Rxc7 Qd3+ 34. Kg2 Qe2+ 0-1

[Event "Mindsports Open 5th"]
[Site "London"]
[Date "2025.08.14"]
[Round "2.11"]
[White "Li, Wenxiang"]
[Black "Lilliehook, Victor"]
[Result "1-0"]
[WhiteElo "2395"]
[BlackElo "2106"]
[PlyCount "67"]
[EventDate "2025.08.13"]
[EventType "swiss"]
[EventRounds "9"]
[EventCountry "ENG"]
[SourceTitle "BritBase"]
[Source "John Saunders"]
[SourceDate "2025.08.18"]
[SourceVersion "1"]
[SourceVersionDate "2025.08.18"]
[SourceQuality "1"]

1. d4 d5 2. c4 e6 3. Nc3 Bb4 4. cxd5 exd5 5. Bf4 c5 6. dxc5 Nf6 7. e3 O-O 8. Bd3 Bxc3+ 9. bxc3 Nbd7 10. Bd6 Re8 11. Qb3 Qa5 12. Qb4 Qxb4 13. cxb4 d4 14. Nf3 dxe3 15. O-O exf2+ 16. Rxf2 Nd5 17. a3 N7f6 18. Rd2 Be6 19. Ng5 Rad8 20. Nxe6 fxe6 21. Re1 a6 22. Bc2 b5 23. Rd4 Kh8 24. g4 Nc3 25. g5 Nh5 26. Rh4 Rxd6 27. cxd6 g6 28. Rd4 Ng7 29. Rd3 Na4 30. Bxa4 bxa4 31. d7 Rd8 32. Rc1 e5 33. Rc8 Ne6 34. Rd6 1-0